| 000 | 01327nam a22004217a 4500 | ||
|---|---|---|---|
| 001 | 0072723 | ||
| 003 | KOHA_MİRAKIL | ||
| 005 | 20260207005106.0 | ||
| 007 | ta | ||
| 008 | 241223b2023 tu |||gr||||#0|||0|tur | | ||
| 020 | _a9789750286124 | ||
| 040 |
_aTR-BiSEU _btur _cTR-BiSEU _erda |
||
| 041 | 0 | _atur | |
| 044 | _ctu | ||
| 050 |
_aKKX3790 _b.K65 2023 |
||
| 100 | 1 | _aKöksal, Atacan. | |
| 245 | 1 |
_aCeza hukukunda suça etki eden nedenler/ _cAtacan Köksal ; Atacan Köksal. |
|
| 264 | 1 |
_aAnkara : _bSeçkin Yayıncılık _c2023 |
|
| 300 | _a310 sayfa; 24 cm. | ||
| 336 |
_ametin _btxt _2rdacontent |
||
| 337 |
_aaracısız _bn _2rdamedia |
||
| 338 |
_acilt _bnc _2rdacarrier |
||
| 490 | 1 |
_aSeçkin yayınları ; _v3420. |
|
| 490 | 1 |
_aCeza Hukuku Monografileri ; _v60 |
|
| 500 | _aKaynakça ve dizin var. | ||
| 650 | 0 |
_aCeza hukuku. _922821 |
|
| 650 | 0 |
_aSuça etki eden nedenler. _9145364 |
|
| 650 | 0 |
_aKamu hukuku. _935125 |
|
| 650 | 0 |
_aCeza hukuku--Genel hükümler. _9145365 |
|
| 650 | 0 |
_aCriminal law. _922822 |
|
| 650 | 0 |
_aReasons affecting crime. _9145366 |
|
| 650 | 0 |
_aPublic law. _935127 |
|
| 650 | 0 |
_aCriminal law--General provisions. _9145367 |
|
| 830 | 1 |
_aSeçkin yayınları ; _v3420. _987959 |
|
| 830 | 1 |
_aCeza Hukuku Monografileri ; _v60 _9143587 |
|
| 907 | _aHukuk | ||
| 942 |
_2lcc _cBK |
||
| 999 |
_c73478 _d73478 |
||